Limits to parallel computation : P-completeness theory /

Guardado en:
Autor Principal: Greenlaw, Raymond.
Otros Autores: Hoover, H. James., Ruzzo, Walter L.
Formato: Libro
Idioma:English
Publicado: New York : Oxford University Press, 1995.
Materias:
Acceso en línea:Publisher description
Table of contents only
Etiquetas: Agregar Etiqueta
Sin Etiquetas, Sea el primero en etiquetar este registro!
LEADER 01013cam a2200253 a 4500
001 DCC.dcic000976
008 940816s1995####nyu######b####001#0#eng##
005 20151130123949.0
245 1 0 |a Limits to parallel computation :  |b P-completeness theory /  |c Raymond Greenlaw, H. James Hoover, Walter L. Ruzzo. 
260 |a New York :  |b Oxford University Press,  |c 1995. 
300 |a xiii, 311 p. ;  |c 25 cm. 
504 |a Incluye referencias bibliográficas (p. [255]-284) e índice. 
020 |a 0195085914 (acid-free paper) 
100 1 |a Greenlaw, Raymond. 
700 1 |a Hoover, H. James. 
700 1 |a Ruzzo, Walter L. 
082 0 0 |a 005.2  |2 20 
650 0 |a Parallel processing (Electronic computers) 
010 |a  94031180  
040 |a DLC  |c DLC  |d DLC 
050 0 0 |a QA76.58  |b .G74 1995 
856 4 2 |3 Publisher description  |u http://www.loc.gov/catdir/enhancements/fy0604/94031180-d.html 
856 4 1 |3 Table of contents only  |u http://www.loc.gov/catdir/enhancements/fy0604/94031180-t.html 
859 |a DCIC  |b BIB. COMPUTACION  |p 1712